000
00212 a2200097 4500
001
57452
100
_a
245
_a
Software engineering measurement
260
_a
London
_b
Auerbach
_c
2006
090
_c
35183
_d
35183
942
_a
NUST-CAE
_c
_c
27984
999
_c
292525
_d
292525